Table des carrés de 1 à 20 - Statistiques

Statistiques générales
  • Ce quiz a été pris 157 fois
  • Le résultat moyen est 13 sur 20
Statistiques - réponses
Hint Réponse % Correct
1 1
100%
2 4
100%
5 25
80%
6 36
79%
3 6
76%
4 8
76%
10 100
74%
7 49
73%
9 81
73%
8 64
71%
11 121
70%
12 144
66%
20 400
60%
13 169
58%
15 225
52%
14 196
51%
16 256
47%
18 324
46%
19 361
46%
17 289
45%
Aucun quiz correspondant
Distribution des résultats
% des personnes avec chaque résultat
Percentile par nombre de réponses
Votre historique - résultats
Vous n’avez pas pris ce quiz